000 00956nam a2200289Ia 4500
005 20220317001722.0
008 170328s2015 s g 000 0 s
020 _a9788467034578
041 _aspa
082 0 4 _a923.146
_bJ81f
100 1 _aFernández Álvarez, Manuel
245 1 0 _aJuana la loca
_bla cautiva de Tordesillas
_cManuel Fernández Álvarez
250 _a1a. edición
300 _a321 páginas
_c19 cm
490 _aHumanidades
500 _aIncluye índice onomástico y de obras
500 _aIncluye datos biográficos del autor
600 1 4 _aJuana I La Loca
_d1479 - 1555
_vBiografías
_988524
650 1 4 _2LEMB
_aMonarquía española
651 4 _aEspaña
_xCondiciones sociales
_ySiglos XV-XVI
_988526
942 _2ddc
_cBK
264 _aBarcelona
_bAustral
_c2015
336 _atexto
_btxt
_2rdacontent
337 _asin mediación
_bn
_2rdamedia
338 _avolumen
_bnc
_2rdacarrier
040 _aCO-BoRNBP
_bspa
_erda
_cCO-BoRNBP
999 _c7850
_d7850